| 000 | 003880000a22001570004500 | ||
|---|---|---|---|
| 060 | _a100 | ||
| 082 | _a574.821 2 PEA | ||
| 100 | _aPearse, Everson A G | ||
| 245 | _aHistochemistry; Theoretical and Applied | ||
| 250 | _a2 | ||
| 260 | _aLondon, J&A Churchill Ltd. | ||
| 260 | _c1960 | ||
| 300 | _a998 | ||
| 650 | _aHistochemistry/ Electron Histochemistry/ Microscopy | ||
| 942 | _cBK | ||
| 999 |
_c348590 _d348590 |
||